| 000 | 00702nam a22002057a 4500 | ||
|---|---|---|---|
| 003 | NUST - PNEC | ||
| 005 | 20170116181159.0 | ||
| 008 | 160204b xxu||||| |||| 00| 0 eng d | ||
| 020 | _a9788120328600 | ||
| 040 | _cLIBRARY | ||
| 082 | _a628.3 KAR | ||
| 100 |
_916257 _aKaria, G. L. |
||
| 245 |
_aWastewater treatment : concepts and design approach _cG.L. Karia |
||
| 250 | _a- | ||
| 260 |
_aNew Delhi _bPHI Learning Private Limited _cc.2006 |
||
| 300 | _a365 p. | ||
| 650 |
_916261 _aSewage--Purification _xME / IME |
||
| 856 | _uhttp://www.amazon.com/Wastewater-Treatment-Concepts-G-Karia/dp/8120328604/ref=sr_1_1?s=books&ie=UTF8&qid=1454566694&sr=1-1&keywords=9788120328600 | ||
| 942 |
_2ddc _cBK |
||
| 999 |
_c71385 _d71385 |
||